| 000 | 00561nam a22001817a 4500 | ||
|---|---|---|---|
| 003 | BD-DhJNU | ||
| 005 | 20250807065052.0 | ||
| 008 | 250807b |||||||| |||| 00| 0 eng d | ||
| 020 | _a9840512692 | ||
| 040 |
_aBD-DhJNU _bENG _cBD-DhJNU _dBD-DhJNU |
||
| 082 |
_282 _a320.95492 |
||
| 100 | _aManiruzzaman, Talukder | ||
| 245 |
_aPolitics and security of Bangladesh / _cTalukder Maniruzzaman |
||
| 260 |
_aDhaka, Bangladesh : _bUniversity Press Ltd, _c1994. |
||
| 300 |
_axv, 176 p. : _c25 cm. |
||
| 650 | _aBangladesh Politics and government | ||
| 942 |
_2ddc _cBK _n0 |
||
| 999 |
_c1970 _d1970 |
||